Loading...
History - Other History | 1 | 5 | 0 | 1 | 65 | 85 | 108.50 | 4 | 6 |
History - European History | 1 | 4 | 1 | 0 | 50 | 53 | 97.20 | 2 | 5 |
Literature - World Literature | 0 | 4 | 0 | 1 | 40 | 100 | 131.25 | 1 | 4 |
History - American History | 0 | 4 | 0 | 0 | 40 | 73 | 105.75 | 1 | 4 |
Mythology | 0 | 4 | 1 | 1 | 35 | 90 | 117.25 | 1 | 4 |
Fine Arts - Auditory Fine Arts | 1 | 2 | 0 | 1 | 35 | 68 | 106.33 | 1 | 3 |
Science - Biology | 1 | 2 | 0 | 0 | 35 | 58 | 87.33 | 2 | 3 |
History - World History | 0 | 4 | 1 | 1 | 35 | 79 | 108.75 | 1 | 4 |
Literature - American Literature | 1 | 2 | 0 | 0 | 35 | 75 | 114.67 | 1 | 3 |
Pop Culture | 0 | 3 | 0 | 0 | 30 | 92 | 118.33 | 0 | 3 |
Philosophy | 0 | 2 | 0 | 0 | 20 | 101 | 114.00 | 2 | 2 |
Literature - European Literature | 0 | 2 | 0 | 1 | 20 | 135 | 137.50 | 1 | 2 |
Fine Arts - Visual Fine Arts | 0 | 2 | 0 | 0 | 20 | 95 | 100.50 | 1 | 2 |
Fine Arts - Other Fine Arts | 0 | 2 | 0 | 0 | 20 | 133 | 138.50 | 1 | 2 |
Current Events | 1 | 0 | 0 | 0 | 15 | 68 | 68.00 | 1 | 1 |
Religion | 0 | 2 | 1 | 1 | 15 | 116 | 119.50 | 2 | 2 |
Social Science | 1 | 0 | 0 | 0 | 15 | 49 | 49.00 | 1 | 1 |
Geography | 0 | 1 | 0 | 0 | 10 | 95 | 95.00 | 1 | 1 |
Literature - British Literature | 0 | 1 | 0 | 0 | 10 | 143 | 143.00 | 0 | 1 |
Science - Other Science | 0 | 0 | 1 | 0 | -5 | 0.00 | 0 | 0 |